000 00489nam a2200205Ia 4500
003 OSt
005 20221005114943.0
006 a|||||r|||| 00| 0
007 ta
008 221004b |||||||| |||| 00| 0 eng d
024 _a114550
037 _cTextual
040 _aCRL
_cCRL
_beng
041 _2eng
_aeng
100 _aKaushik Shushila
_9626831
245 0 _aBhartiya Shasan Aiv Rajniti
260 _c1985
942 _cTEXL
_2cc
999 _c1032938
_d1032938